1550 1065 1323 1673 1813 1731 1403 1738 1201 1665 1505 1026 1314 1583 1724 1772 1795 1281 1205 1891 1004 1083 1488 1150 1631 1246 1390 1075 1493 1545 1664 1490 1154 1577 1725 1378 1089 1136 1284 1268 1102 1050 1788 1196 1786 1497 1057 1908 1758 1572 1953 1212 1412 1620 1635 1611 1402 1229 1788 1470 1166 1021 1955 1436 1413 1194 1959 1408 1755 1067 1917 1126 1339 1508 1782 1699 1946 1172 1650 1612 1617 1429 1213 1947 1866 1357 1691 1100 1841 1156 1588 1571 1575 1434 1352 1287 1852 1545 1553 BCNSPRNW ULIB Ver.6.0+V

เปลี่ยนเป็นภาษาไทย

Change to English
 แสดงรายละเอียดบรรณานุกรม
  กลับหน้าหลัก

Brief Record : Get Marc (ISO 2709) : E-mail record : QR code < ปิดหน้าต่าง
LEADER : 00000nam 2200000uu 4500
001    13399123764
003     ULIB
008    141126s2556||||th 000 0 tha d
020    ^a9789740326502^c580 บาท
060  4 QV75 ^bส283บ
100    ^aสมศักดิ์ วรคามิน.
245    ^aเบต้ากลูแคน ดีที่สุดในโลกที่มนุษย์เคยค้นพบ/^cสมศักดิ์ วรคามิน.
250    พิมพ์ครั้งที่ 3
260    ^aกรุงเทพฯ :^bสามเจริญพาณิชย์,^c2556
300    ^a301 หน้า^bภาพประกอบ
650    ^aเบต้ากลูแคน
650    ^aแอนติออกซิแดนท์
650    ^aสารต้าเนื้องอก
945    ^p580^l0^i037160
945    ^p580^l0^i037161
945    ^p580^l0^i037162
999    ^aเกษร โพธิ์สุวรรณ
รายการนี้ยังไม่มีแท็ก
คุณยังไม่ได้ล็อกอิน คุณสามารถมีกิจกรรมร่วมกับเว็บไซต์ได้ แต่ต้องล็อกอินก่อน ::
  ล็อกอิน

รายการสื่อสารสนเทศ

ลำดับที่ ประเภท เลขเรียก/บาร์โค้ด สถานที่ สถานะ
1. วิทยาศาสตร์การแพทย์ และสุขภาพ
หนังสือสำรอง
สถานะ=หนังสือสำรอง
QV75 ส283บ ฉ.1 
  Barcode: 037160
ห้องสมุดวิทยาเขตสวรรค์ประชารักษ์
►ส่วนจัดเก็บหนังสือเก่า สปร
บนชั้น
  ขอยืม
2. วิทยาศาสตร์การแพทย์ และสุขภาพ
วิทยาศาสตร์การแพทย์ และสุขภาพ
QV75 ส283บ ฉ.2 
  Barcode: 037161
ห้องสมุดวิทยาเขตสวรรค์ประชารักษ์
►ส่วนจัดเก็บหนังสือเก่า สปร
บนชั้น
  ขอยืม
3. วิทยาศาสตร์การแพทย์ และสุขภาพ
วิทยาศาสตร์การแพทย์ และสุขภาพ
QV75 ส283บ ฉ.3 
  Barcode: 037162
ห้องสมุดวิทยาเขตสวรรค์ประชารักษ์
►ส่วนจัดเก็บหนังสือเก่า สปร
บนชั้น
  ขอยืม

รายการใกล้เคียง
    ผู้แต่ง [สมศักดิ์ วรคามิน.]

    หัวเรื่อง [เบต้ากลูแคน]
    หัวเรื่อง [แอนติออกซิแดนท์]
    หัวเรื่อง [สารต้าเนื้องอก]

BibComment


ยังไม่เคยถูกคอมเมนท์

คอมเมนท์ทรัพยากรรายการนี้
  คอมเมนท์: เบต้ากลูแคน ดีที..


 Copyright 2026. Bcnsprnw @Library